000 00462nab a2200145Ia 4500
003 ES-SlBCS
005 20210601133744.0
008 140529s1994 xxu||||| |||| 00| 0 por d
041 _apor
100 1 _aRodrigo, Lidia Maria
_9209287
245 0 0 _aEntre a sabedoria silenciosa e a fala sem fim
_c Lidia Maria Rodrigo
600 1 _aParménides-Kojève, A.
_9209288
773 0 _tEducaçao e Filosofia
_gvol. 8, nº. 16, 1994, págs. 207-227
_wRev1534
942 _cAR
999 _c601600
_d601600